The Five year Plan (Record no. 542632)

000 -LEADER
fixed length control field 00445nam a22001457a 4500
082 ## - DEWEY DECIMAL CLASSIFICATION NUMBER
Classification number 351.00725691
Author Mark PLA
-- L-27, P-61
110 ## - MAIN ENTRY--CORPORATE NAME
Corporate name or jurisdiction name as entry element Planning Comission Govt of Pakistan
9 (RLIN) 37882
245 ## - TITLE STATEMENT
Title The Five year Plan
Statement of responsibility, etc. Planning Comission Govt of Pakistan
250 ## - EDITION STATEMENT
Edition statement L-27, P-61
260 ## - PUBLICATION, DISTRIBUTION, ETC.
Place of publication, distribution, etc. Karachi
Name of publisher, distributor, etc. Manager of Publication Karachi
Date of publication, distribution, etc. 1965
300 ## - PHYSICAL DESCRIPTION
Extent 32 p.:
526 ## - STUDY PROGRAM INFORMATION NOTE
Program name 0
Interest level 0
Reading level 0
Title point value 351_007256910000000_PLA
650 ## - SUBJECT ADDED ENTRY--TOPICAL TERM
Topical term or geographic name entry element MCE
9 (RLIN) 379
942 ## - ADDED ENTRY ELEMENTS (KOHA)
Source of classification or shelving scheme
Koha item type Book
Holdings
Withdrawn status Lost status Source of classification or shelving scheme Damaged status Not for loan Permanent Location Current Location Date acquired Total Checkouts Full call number Barcode Date last seen Price effective from Koha item type
          Military College of Engineering (MCE) Military College of Engineering (MCE) 02/06/2014   351.00725691 PLA MCE-2785/1 02/06/2014 02/06/2014 Book
© 2023 Central Library, National University of Sciences and Technology. All Rights Reserved.